000 00572 a2200169 4500
999 _c4661
_d4661
010 _aENG-86527
020 _a8183821294
_c125.00
035 _aEN-70060
037 _bDBAD / PUB
082 1 4 _a808.85
100 1 _aJasvinder Kaur
245 1 _aThe worlds greatest speeches :
_cby Jasvinder Kaur
_bpower in spoken words /
260 _aNew Delhi
_bLotus Press
_c2007
270 _a4263/3, Ansari Road, Darya Ganj
_bNew Delhi
_e110 002
_k011-32903912, 011-23290047
_mlotus_press@sify.com
300 _a215 p.
_c22cm (Pbk)
942 _adpl
_cEN
_2ddc
_h808.85
_mJAS